000 00261nam a2200109Ia 4500
008 190216s9999||||xx |||||||||||||| ||und||
100 _aRajan Kakanadan
245 0 _aAmarnath Guhayileek
260 _bDc Books Kottayam
650 _aYathravivaranam
942 _cBK
999 _c25932
_d25932